Movies Quiz

Random Movies or Actress Quiz

Franchise Actors II Quiz Stats

 Plays Quiz Updated May 1, 2018

Also try: Franchise Actors
Challenge
Share
Tweet
Embed
Score 0/40 Timer 07:00
11 Plays Today
Actor Franchise % Correct
Sean ConneryJames Bond
96%
Jennifer LawrenceThe Hunger Games, X-Men
91.2%
Robert Downey, Jr.Iron Man
90%
Michael J. FoxBack to the Future
89.3%
Paul WalkerThe Fast and the Furious
88.4%
Liam Neeson The Chronicles of Narnia, Taken
88.1%
Keanu ReevesThe Matrix
87%
Leonard NimoyStar Trek
86.8%
Alan RickmanHarry Potter
81.9%
Kristen StewartTwilight
80.8%
Carrie FisherStar Wars IV-VII
79.2%
Christopher ReeveSuperman
78.4%
George ClooneyOcean's Eleven
77.5%
Viggo MortensenLord of the Rings
72.2%
Johnny KnoxvilleJackass
71%
Bradley CooperThe Hangover
70.2%
Mel GibsonMad Max, Lethal Weapon
68.5%
Kirsten DunstSpider-Man
65.3%
Eugene LevyAmerican Pie
63%
Tommy Lee JonesMen In Black
62.9%
Actor Franchise % Correct
Jason StathamThe Transporter, The Expendables
61.6%
Chris TuckerRush Hour
58.6%
Halle BerryX-Men
58.5%
Martin FreemanThe Hobbit
56.9%
Robert De NiroMeet the Parents
55.7%
Antonio BanderasSpy Kids, Shrek
54.9%
Anna FarisScary Movie, Alvin and the Chipmunks
53.5%
Seth GreenAustin Powers
50.1%
Morgan FreemanBatman
49.8%
Geoffrey RushPirates of the Caribbean
48.2%
Tyler PerryMadea
46.4%
O.J. SimpsonThe Naked Gun
46%
Cameron DiazShrek
44%
Burt ReynoldsSmokey and the Bandit
43.1%
Samuel L. JacksonStar Wars I-III, xXx, Avengers
41.3%
Jim VarneyErnest
37.9%
Christopher LambertHighlander
31.4%
Chris RockMadagascar
30.1%
John Leguizamo Ice Age
26.7%
Robin WilliamsNight at the Museum
22.8%

You're not logged in!

Compare scores with friends on all Sporcle quizzes.
OR
Log In

You Might Also Like...

Show Comments

Extras

Top Quizzes Today


Score Distribution

Your Account Isn't Verified!

In order to create a playlist on Sporcle, you need to verify the email address you used during registration. Go to your Sporcle Settings to finish the process.

Report this User

Report this user for behavior that violates our Community Guidelines.

Details: